Sonáta c-moll op. 10, 1
| Main Author: | |
|---|---|
| Format: | Book |
| Language: | Undetermined |
| Published: |
Praha
Melantrich
1947
|
MARC
| LEADER | 00000nam a2200000 a 4500 | ||
|---|---|---|---|
| 001 | vtls001380387 | ||
| 003 | SK-MaSNL | ||
| 005 | 20260301071148.0 | ||
| 008 | 240314s1947 xx 0 und | ||
| 035 | |a SNK000334378 | ||
| 040 | |a SNK |b slo |c SNK |e AACR2 | ||
| 100 | 1 | |a Beethoven, Ludwig van, |d 1770-1827 |4 aut |9 106879 | |
| 245 | 1 | 0 | |a Sonáta c-moll op. 10, 1 |
| 260 | |a Praha |b Melantrich |c 1947 | ||
| 300 | |a 22 s. | ||
| 999 | |c 636821 |d 638751 | ||
| 952 | |t P60, <04>, [BOOK], {604} |a SNK |b SNK |y VYP |7 0 |p 17A0223333 |o snkHB 1223 D1 |0 0 |1 0 |4 0 |d 2000-01-10 |l 0 |r 2005-01-02 00:00:00 |w 2026-02-23 | ||


